[Event "Tournament 14471 - Europe Echecs"]
[Site "Europe Echecs"]
[Date "2020.07.09"]
[Round "7"]
[Time "17:17:11"]
[PlyCount "52"]
[White "VasselinLouis"]
[Black "BagAyoub"]
[WhiteElo "1590"]
[BlackElo "1467"]
[Mode "WEB"]
[Result "1-0"]

1. e4 e6 2. d4 d5 3. Nc3 dxe4 4. Nxe4 Nd7 5. Nf3 Ngf6 6. Bg5 Be7 7. Nxf6+ Nxf6
8. c4 O-O 9. Be2 b6 10. O-O Bb7 11. Ne5 h6 12. Bh4 Rc8 13. b3 c5 14. dxc5 Rxc5
15. Bf3 Bxf3 16. Nxf3 Ne4 17. Qxd8 Bxd8 18. Rfe1 Bxh4 19. Nxh4 Nf6 20. Rad1 Rc7
21. Nf3 Rfc8 22. Rd2 g6 23. Red1 Kg7 24. h3 a5 25. Nd4 Rd7 26. Nxe6+ {BagAyoub a abandonné} 1-0

[Event "Tournament 14471 - Europe Echecs"]
[Site "Europe Echecs"]
[Date "2020.07.09"]
[Round "7"]
[Time "17:17:11"]
[PlyCount "53"]
[White "MaisonhauteLel"]
[Black "GhazaryanGurge"]
[WhiteElo "1603"]
[BlackElo "1403"]
[Mode "WEB"]
[Result "0-1"]

1. e4 c5 2. Nf3 d6 3. d4 cxd4 4. Nxd4 Nf6 5. Nc3 g6 6. Be3 Bg7 7. f3 O-O 8. Qd2
Nc6 9. Nb3 Bd7 10. g4 a6 11. h4 Ne5 12. Be2 b5 13. h5 b4 14. Nd5 Nxd5 15. exd5
Bb5 16. hxg6 fxg6 17. Bxb5 Nxf3+ 18. Ke2 Nxd2 19. Kxd2 axb5 20. Nd4 Bxd4 21.
Bxd4 Rf4 22. Ke3 Rxg4 23. Rh3 e5 24. Bxe5 Qg5+ 25. Kd3 Qxe5 26. Rah1 Rd4# {MaisonhauteLel est échec et mat} 0-1

[Event "Tournament 14471 - Europe Echecs"]
[Site "Europe Echecs"]
[Date "2020.07.09"]
[Round "7"]
[Time "17:17:11"]
[PlyCount "102"]
[White "MoellerJoshua"]
[Black "DupuisEsteban"]
[WhiteElo "1486"]
[BlackElo "1234"]
[Mode "WEB"]
[Result "1-0"]

1. d4 Nf6 2. c4 g6 3. Nf3 Bg7 4. g3 d5 5. cxd5 Nxd5 6. e4 Nb6 7. Be3 Nc6 8. Bb5
Bd7 9. Nc3 a6 10. Bf1 e6 11. Bg2 O-O 12. O-O Ne7 13. e5 Ned5 14. Ne4 Nxe3 15.
fxe3 Nd5 16. Qd2 Bb5 17. Rfe1 Bh6 18. b3 c6 19. a4 Qe7 20. axb5 axb5 21. Rab1
Ra3 22. Kf2 Rfa8 23. Rb2 Ra1 24. Re2 f5 25. exf6 Nxf6 26. Nxf6+ Qxf6 27. Qc3 g5
28. g4 Bf8 29. Kg3 Bd6+ 30. Ne5 b4 31. Qc4 Bxe5+ 32. dxe5 Qxe5+ 33. Kh3 c5 34.
e4 h5 35. Rf2 hxg4+ 36. Kxg4 Re1 37. Rf5 Qd6 38. Rxg5+ Kh7 39. e5 Rxe5 40. Be4+
Kh6 41. Rxe5 Qxe5 42. Qc1+ Kg7 43. Qg5+ Qxg5+ 44. Kxg5 Kf7 45. Rf2+ Ke7 46. h4
Ra3 47. Rf3 b5 48. Kg6 c4 49. h5 Ra8 50. Rf7+ Kd6 51. Bxa8 {DupuisEsteban a abandonné} 1-0

[Event "Tournament 14471 - Europe Echecs"]
[Site "Europe Echecs"]
[Date "2020.07.09"]
[Round "7"]
[Time "17:17:11"]
[PlyCount "96"]
[White "RavenelTangi"]
[Black "MeyssirelTom"]
[WhiteElo "1463"]
[BlackElo "1333"]
[Mode "WEB"]
[Result "1-0"]

1. c4 c5 2. g3 Nf6 3. Bg2 d5 4. cxd5 Nxd5 5. Nc3 Nc7 6. Nf3 Nc6 7. O-O e5 8. d3
Be7 9. Nd2 O-O 10. Nc4 f6 11. a4 Be6 12. b3 Rb8 13. Ne4 Nd4 14. e3 Nc6 15. Bb2
Nb4 16. d4 cxd4 17. exd4 exd4 18. Qxd4 Nc6 19. Qc3 Nd5 20. Qc2 Qc7 21. Nc3 Ndb4
22. Qe2 Nd4 23. Qe4 Rfd8 24. Nb5 Nxb5 25. Qxe6+ Kh8 26. axb5 Bc5 27. Rad1 Nd3
28. Be4 Nxf2 29. Rxd8+ Rxd8 30. Rxf2 Rd1+ 31. Kg2 Qd8 32. Bc3 Bxf2 33. Kxf2 b6
34. Qf5 g6 35. Qe6 Kg7 36. g4 Qc7 37. Qxf6+ Kh6 38. Bd2+ Rxd2+ 39. Nxd2 Qc5+ 40.
Ke2 Qxb5+ 41. Bd3 Qe8+ 42. Ne4 Qd7 43. g5+ Kh5 44. Qf3+ Kh4 45. Qg3+ Kh5 46.
Qf3+ Kh4 47. Qf4+ Kh5 48. Ng3# {MeyssirelTom est échec et mat} 1-0

[Event "Tournament 14471 - Europe Echecs"]
[Site "Europe Echecs"]
[Date "2020.07.09"]
[Round "7"]
[Time "17:17:11"]
[PlyCount "61"]
[White "BelghoulMeyer"]
[Black "CastagnerolAmb"]
[WhiteElo "1371"]
[BlackElo "1451"]
[Mode "WEB"]
[Result "0-1"]

1. e4 e6 2. d4 d5 3. e5 c5 4. c3 Qb6 5. Nf3 Nc6 6. Be2 cxd4 7. cxd4 Nge7 8. Na3
Nf5 9. Nc2 Be7 10. O-O O-O 11. b3 Nb4 12. Bb2 Bd7 13. Nxb4 Bxb4 14. Bd3 h6 15.
a3 Be7 16. g4 Nh4 17. Nxh4 Bxh4 18. f4 Be7 19. f5 exf5 20. gxf5 Bg5 21. Rf2 Be3
22. Bc2 Bxf2+ 23. Kxf2 Rac8 24. f6 gxf6 25. exf6 Qxf6+ 26. Kg2 Kh8 27. Qd3 Qg6+
28. Qxg6 fxg6 29. Bd3 Bf5 30. Be2 Rc2 {BelghoulMeyer a abandonné} 0-1

[Event "Tournament 14471 - Europe Echecs"]
[Site "Europe Echecs"]
[Date "2020.07.09"]
[Round "7"]
[Time "17:17:11"]
[PlyCount "114"]
[White "DecultotJacque"]
[Black "GerardKelian"]
[WhiteElo "1404"]
[BlackElo "1056"]
[Mode "WEB"]
[Result "1/2-1/2"]

1. e4 e6 2. d4 d5 3. e5 c5 4. c3 Nc6 5. Nf3 Qb6 6. a3 Nge7 7. b4 cxb4 8. cxb4
Nf5 9. Bb2 a6 10. Be2 Bd7 11. O-O O-O-O 12. Qc2 Kb8 13. Qd3 Rc8 14. Nbd2 Be7 15.
Rac1 f6 16. Nb3 Rc7 17. Nc5 Bxc5 18. dxc5 Qa7 19. Rfd1 Nxe5 20. Nxe5 fxe5 21.
Bxe5 Bb5 22. Bxc7+ Kxc7 23. Qd2 Rf8 24. Bxb5 axb5 25. Qc3 Kd7 26. c6+ Kc7 27.
cxb7+ Kxb7 28. Qc7+ Ka8 29. Qxa7+ Kxa7 30. Re1 Nd4 31. Rc7+ Kb6 32. Rxg7 h5 33.
Rh7 Rf5 34. f3 e5 35. Kf2 Nc2 36. Rd1 d4 37. Rd7 Nxa3 38. Rc1 Nc4 39. Ke2 Rg5
40. Kf2 Kc6 41. f4 Rf5 42. Re7 Rxf4+ 43. Ke2 Re4+ 44. Kd3 Re3+ 45. Kc2 Rc3+ 46.
Kb1 Rb3+ 47. Ka2 Rb2+ 48. Ka1 Rxb4 49. Ka2 Rb2+ 50. Ka1 Kd6 51. Rb7 Rb4 52. Rh7
Ra4+ 53. Kb1 Na3+ 54. Kb2 Nc4+ 55. Kb1 Na3+ 56. Kb2 Nc4+ 57. Kb1 {Nulle par répétition} 1/2-1/2

[Event "Tournament 14471 - Europe Echecs"]
[Site "Europe Echecs"]
[Date "2020.07.09"]
[Round "7"]
[Time "17:17:11"]
[PlyCount "63"]
[White "RoumeguereGabi"]
[Black "PerardJouaultE"]
[WhiteElo "1365"]
[BlackElo "1791"]
[Mode "WEB"]
[Result "0-1"]

1. e4 e6 2. d4 d5 3. Nd2 Nf6 4. e5 Nfd7 5. Ngf3 c5 6. c3 Nc6 7. Bd3 cxd4 8. cxd4
f6 9. exf6 Nxf6 10. O-O Bd6 11. Re1 O-O 12. Nb3 Ng4 13. h3 Nxf2 14. Kxf2 Qh4+
15. Kg1 Rxf3 16. Qxf3 Qxe1+ 17. Qf1 Qg3 18. Bd2 Bd7 19. Qf3 Qh2+ 20. Kf2 Rf8 21.
Qxf8+ Kxf8 22. Rf1 Kg8 23. Kf3 Qg3+ 24. Ke2 a5 25. Rf2 a4 26. Na5 Nxd4+ 27. Kd1
Qxd3 28. Nxb7 Qc2+ 29. Ke1 Bg3 30. Be3 Bxf2+ 31. Bxf2 Qe2# {RoumeguereGabi est échec et mat} 0-1

[Event "Tournament 14471 - Europe Echecs"]
[Site "Europe Echecs"]
[Date "2020.07.09"]
[Round "7"]
[Time "17:17:11"]
[PlyCount "186"]
[White "HammGabrielle"]
[Black "BerezovskyFior"]
[WhiteElo "1359"]
[BlackElo "1646"]
[Mode "WEB"]
[Result "1-0"]

1. e4 c5 2. Nf3 e6 3. c3 d5 4. exd5 Qxd5 5. d4 cxd4 6. Nxd4 Bc5 7. Be3 Nf6 8.
Be2 Qxg2 9. Rf1 Qxh2 10. Nd2 h5 11. Qb3 Bb6 12. O-O-O h4 13. Rh1 Qe5 14. Nc4 Qc7
15. Bg5 h3 16. Bxf6 gxf6 17. Kb1 Bxd4 18. Rxd4 e5 19. Rd6 Bf5+ 20. Ka1 Nd7 21.
Bf3 Nc5 22. Qb5+ Bd7 23. Qb4 a5 24. Qa3 Ne6 25. Ne3 Ra6 26. Rdd1 b5 27. Nd5 Qd8
28. Bg4 h2 29. Bxe6 Rxe6 30. Qb3 a4 31. Qb4 Qc8 32. f3 f5 33. Rhe1 e4 34. fxe4
fxe4 35. Rh1 e3 36. Rde1 e2 37. Nf4 Rc6 38. Rxe2+ Be6 39. Nxe6 Rxe6 40. Qxb5+
Kf8 41. Qb4+ Ke8 42. Qb5+ Ke7 43. Qg5+ Ke8 44. Qb5+ Kf8 45. Qb4+ Kg8 46. Rg2+
Rg6 47. Rxg6+ fxg6 48. Qxa4 Qe8 49. Qb3+ Qf7 50. Qb8+ Kg7 51. Qe5+ Qf6 52. Qc7+
Qf7 53. Qe5+ Kg8 54. Qb8+ Qf8 55. Qb3+ Kh7 56. Qb7+ Qg7 57. Rxh2+ Kg8 58. Qc8+
Kf7 59. Qd7+ Kf6 60. Qd6+ Kf5 61. Qd5+ Kf6 62. Qd4+ Kf7 63. Rf2+ Kg8 64. Qd5+
Kh7 65. Rh2+ Qh6 66. Rxh6+ Kxh6 67. Qh1+ Kg7 68. Qb7+ Kg8 69. Kb1 g5 70. Qg2 Rh5
71. Qg4 Rh1+ 72. Kc2 Rh2+ 73. Kb3 Kf8 74. Qxg5 Re2 75. Qc5+ Kf7 76. Qc4+ Re6 77.
a4 Ke7 78. Qc5+ Rd6 79. a5 Kd7 80. Ka4 Rd1 81. Qf5+ Kc6 82. Qb5+ Kc7 83. a6 Ra1+
84. Kb4 Rb1 85. b3 Ra1 86. c4 Ra2 87. Kc5 Rh2 88. Qc6+ Kb8 89. Qd6+ Kc8 90. Qxh2
Kd7 91. Qh7+ Kc8 92. a7 Kd8 93. a8=Q# {BerezovskyFior est échec et mat} 1-0

[Event "Tournament 14471 - Europe Echecs"]
[Site "Europe Echecs"]
[Date "2020.07.09"]
[Round "7"]
[Time "17:17:11"]
[PlyCount "69"]
[White "ChaumetEtienne"]
[Black "FalipMoralesTo"]
[WhiteElo "1639"]
[BlackElo "1344"]
[Mode "WEB"]
[Result "0-1"]

1. e4 e6 2. d4 d5 3. e5 c5 4. c3 Qb6 5. Bd3 Nc6 6. Nf3 Bd7 7. Bc2 cxd4 8. cxd4
Nb4 9. Nc3 Nxc2+ 10. Qxc2 Ne7 11. O-O Nf5 12. Rd1 Be7 13. a3 O-O 14. g4 Nh4 15.
Nxh4 Bxh4 16. f4 f6 17. Qd3 fxe5 18. fxe5 Rf7 19. b4 Raf8 20. Be3 Rf3 21. Rf1
Be8 22. Rxf3 Rxf3 23. Rf1 Bg6 24. Qd2 Rxf1+ 25. Kxf1 Qa6+ 26. Kg2 Qxa3 27. Ne2
Be1 28. Qxe1 Qxe3 29. h3 Bd3 30. Kf1 Qxh3+ 31. Kg1 Qxg4+ 32. Kf2 Qxe2+ 33. Qxe2
Bxe2 34. Kxe2 b6 {ChaumetEtienne a abandonné} 0-1

[Event "Tournament 14471 - Europe Echecs"]
[Site "Europe Echecs"]
[Date "2020.07.09"]
[Round "7"]
[Time "17:17:11"]
[PlyCount "147"]
[White "ZaninClement"]
[Black "LalondeHugo"]
[WhiteElo "1327"]
[BlackElo "1590"]
[Mode "WEB"]
[Result "0-1"]

1. e4 d5 2. exd5 Qxd5 3. Nc3 Qd8 4. d4 Nf6 5. Nf3 Bg4 6. h3 Bxf3 7. Qxf3 c6 8.
Bc4 e6 9. Bg5 Be7 10. O-O-O h6 11. Bh4 Nbd7 12. Qg3 Nh5 13. Qf3 Bxh4 14. Qxh5
Qg5+ 15. Qxg5 Bxg5+ 16. Kb1 O-O-O 17. Rhf1 Nb6 18. Bb3 Bf6 19. Ne2 Nd5 20. f4
Ne3 21. Rg1 Nxd1 22. Rxd1 Rd7 23. a3 Rhd8 24. c3 c5 25. Ba4 Rd6 26. Rc1 cxd4 27.
cxd4+ Kb8 28. Rc3 Bxd4 29. Rb3 Bf6 30. Ng3 Rd3 31. Rxd3 Rxd3 32. Ne4 Be7 33. Bb5
Rb3 34. Bc4 Rb6 35. Ka2 Rc6 36. Bb5 Rc2 37. Bd3 Rxg2 38. Nc3 Bf6 39. Na4 a6 40.
Be4 Rf2 41. Kb1 b5 42. Nc5 Rxb2+ 43. Kc1 Rf2 44. Nxa6+ Ka7 45. Nc7 Kb6 46. Na8+
Kc5 47. Nc7 Bb2+ 48. Kd1 Bxa3 49. Na6+ Kb6 50. Nb8 Rxf4 51. Bg2 Rd4+ 52. Ke2 Bb4
53. Nc6 Rd2+ 54. Ke3 Rxg2 55. Nxb4 Rg3+ 56. Kf4 Rxh3 57. Nc2 g5+ 58. Ke4 f5+ 59.
Ke5 Rc3 60. Nd4 Re3+ 61. Kf6 b4 62. Nxe6 Rxe6+ 63. Kxe6 b3 64. Kxf5 b2 65. Kg6
b1=Q+ 66. Kxh6 Qh1+ 67. Kxg5 Qf3 68. Kh4 Qg2 69. Kh5 Kc6 70. Kh6 Kd6 71. Kh5 Ke6
72. Kh4 Kf5 73. Kh5 Qh3# {ZaninClement est échec et mat} 0-1

[Event "Tournament 14471 - Europe Echecs"]
[Site "Europe Echecs"]
[Date "2020.07.09"]
[Round "7"]
[Time "17:17:11"]
[PlyCount "48"]
[White "GabinoKarl"]
[Black "TaharountIlyan"]
[WhiteElo "1331"]
[BlackElo "1547"]
[Mode "WEB"]
[Result "1-0"]

1. e4 e5 2. Nf3 Nc6 3. Bc4 Bc5 4. c3 Nf6 5. d3 d6 6. Nbd2 O-O 7. O-O Be6 8. Bb3
a5 9. Bc2 Nh5 10. Re1 f5 11. exf5 Bxf5 12. Ne4 Nf6 13. Ng3 Bg4 14. h3 Bxf3 15.
Qxf3 Nd7 16. Qd5+ Kh8 17. Ne4 Qh4 18. Rf1 Nf6 19. Nxf6 Rxf6 20. Be3 Bxe3 21.
fxe3 Raf8 22. d4 Qg3 23. Qe4 Rf2 24. Qxh7# {TaharountIlyan est échec et mat} 1-0

[Event "Tournament 14471 - Europe Echecs"]
[Site "Europe Echecs"]
[Date "2020.07.09"]
[Round "7"]
[Time "17:17:11"]
[PlyCount "115"]
[White "CostaSavelliTh"]
[Black "KienLancelot"]
[WhiteElo "1315"]
[BlackElo "1528"]
[Mode "WEB"]
[Result "1/2-1/2"]

1. e4 e5 2. Nf3 Nc6 3. Bc4 Bc5 4. d3 Nf6 5. Bg5 h6 6. Bh4 d6 7. h3 O-O 8. Nc3
Be6 9. Bb3 a6 10. O-O Ba7 11. Re1 Qe7 12. Qd2 Rad8 13. Rab1 Rd7 14. Rbd1 Rfd8
15. a3 Bxb3 16. cxb3 Qe6 17. Qc2 Rf8 18. Bxf6 Qxf6 19. Nd5 Qe6 20. b4 Rc8 21. b3
Ne7 22. Nxe7+ Qxe7 23. Qc4 Qe6 24. Qxe6 fxe6 25. d4 exd4 26. Nxd4 e5 27. Nf5
Rcd8 28. Rc1 c5 29. bxc5 Bxc5 30. b4 Bb6 31. Red1 h5 32. Rc2 g6 33. Ne3 Bxe3 34.
fxe3 Kf7 35. Rf1+ Ke6 36. Rcf2 Rg7 37. Rf6+ Kd7 38. Rd1 Kc6 39. Rd5 h4 40. Re6
g5 41. Rexe5 dxe5 42. Rxd8 Kb5 43. Rd5+ Ka4 44. Rd3 Rc7 45. Kf2 Rf7+ 46. Kg1 b5
47. Kh2 a5 48. bxa5 Kxa5 49. Rd5 Re7 50. g3 Ka4 51. gxh4 gxh4 52. Kg2 Re6 53.
Kf3 Rb6 54. Rd3 Rg6 55. Rd5 Rb6 56. Rd3 Rg6 57. Rd5 Rb6 {Nulle par répétition} 1/2-1/2

[Event "Tournament 14471 - Europe Echecs"]
[Site "Europe Echecs"]
[Date "2020.07.09"]
[Round "7"]
[Time "17:17:11"]
[PlyCount "107"]
[White "EboueYuri"]
[Black "GuichonPaul"]
[WhiteElo "1304"]
[BlackElo "1486"]
[Mode "WEB"]
[Result "0-1"]

1. e4 g6 2. Nf3 c6 3. d4 d5 4. exd5 cxd5 5. Bb5+ Bd7 6. Nc3 Bxb5 7. Nxb5 a6 8.
Nc3 Nc6 9. O-O Bg7 10. Be3 Nf6 11. Qd2 O-O 12. Bh6 b5 13. a3 Qb6 14. Bxg7 Kxg7
15. Rfe1 Rac8 16. Ne2 a5 17. c3 b4 18. axb4 axb4 19. Qg5 bxc3 20. bxc3 Ne4 21.
Qxd5 Nf6 22. Qg5 Ra8 23. Ne5 Na5 24. Rab1 Qc7 25. Ng3 e6 26. Rec1 Nc4 27. Ng4
Nxg4 28. Qxg4 Ra5 29. Ne4 Rfa8 30. Qf3 Qe7 31. Qd3 Qc7 32. Nc5 Nd6 33. Qg3 Qe7
34. Qe5+ Kg8 35. h4 h5 36. Qf4 Kg7 37. Nd3 Nc4 38. Nc5 Nd6 39. Nd3 Nc4 40. Nc5
R8a7 41. Ne4 Ra2 42. Rb4 R2a4 43. Rcb1 Rxb4 44. Rxb4 Rc7 45. Nc5 Nd6 46. Qe3 Nf5
47. Qe5+ Kh7 48. Rb8 Ng7 49. Ne4 Rb7 50. Nf6+ Qxf6 51. Qxf6 Rxb8 52. Qxf7 Rc8
53. Qxe6 Nxe6 {EboueYuri a abandonné} 0-1

[Event "Tournament 14471 - Europe Echecs"]
[Site "Europe Echecs"]
[Date "2020.07.09"]
[Round "7"]
[Time "17:17:11"]
[PlyCount "40"]
[White "ChalonMaceo"]
[Black "CeroniArnaud"]
[WhiteElo "1280"]
[BlackElo "1471"]
[Mode "WEB"]
[Result "1-0"]

1. e4 c5 2. Nc3 d6 3. f4 g6 4. Nf3 Bg7 5. Bc4 Nf6 6. d3 a6 7. a4 Bd7 8. O-O Nc6
9. Qe1 O-O 10. Qh4 Ng4 11. f5 Nge5 12. Bh6 Nxf3+ 13. Rxf3 Bf6 14. Qg3 Re8 15.
fxg6 hxg6 16. Qxg6+ Kh8 17. Bxf7 Ne5 18. Bg7+ Bxg7 19. Qh5+ Bh6 20. Qxh6# {CeroniArnaud est échec et mat} 1-0

[Event "Tournament 14471 - Europe Echecs"]
[Site "Europe Echecs"]
[Date "2020.07.09"]
[Round "7"]
[Time "17:17:11"]
[PlyCount "135"]
[White "PoussetRaphael"]
[Black "BeaurainYanis"]
[WhiteElo "1452"]
[BlackElo "1342"]
[Mode "WEB"]
[Result "0-1"]

1. d4 Nf6 2. c4 g6 3. Nc3 Bg7 4. Nf3 O-O 5. e4 d6 6. Bd3 c6 7. Bg5 Nbd7 8. O-O
Qc7 9. Qe2 a6 10. e5 dxe5 11. dxe5 Ng4 12. Bxe7 Ngxe5 13. Bxf8 Nxd3 14. Bxg7 Nf4
15. Qd2 Kxg7 16. Rfe1 Nf6 17. Rad1 Bg4 18. Ne4 Nd7 19. Qxd7 Bxd7 20. h3 Re8 21.
Nc5 Rxe1+ 22. Rxe1 Be6 23. Nxe6+ Nxe6 24. Kf1 Qb6 25. b3 Qa5 26. Re2 Nf4 27. Rc2
Nd3 28. Ke2 Nb4 29. Rd2 Nxa2 30. Nd4 Nc3+ 31. Kd3 c5 32. Nf3 b5 33. Rc2 bxc4+
34. Kxc4 Qb4+ 35. Kd3 Nd5 36. Nd2 Nf4+ 37. Ke3 Nxg2+ 38. Kf3 Nh4+ 39. Ke2 Qb5+
40. Ke3 Nf5+ 41. Kf4 Qd3 42. Ra2 Qd4+ 43. Kf3 Nh4+ 44. Kg3 Nf5+ 45. Kf3 Qd5+ 46.
Kf4 Nd4 47. Nc4 h6 48. Rxa6 g5+ 49. Ke3 Nxb3 50. Na3 Qd4+ 51. Ke2 Nc1+ 52. Ke1
Qc3+ 53. Kf1 Qxh3+ 54. Ke1 Nd3+ 55. Ke2 Nc1+ 56. Kd2 Nb3+ 57. Ke2 g4 58. Ra4 g3
59. Rf4 gxf2 60. Kxf2 Qh2+ 61. Ke3 Qg1+ 62. Ke2 h5 63. Rf3 h4 64. Rxb3 Qg2+ 65.
Ke1 h3 66. Rc3 h2 67. Rc2 h1=Q# {PoussetRaphael est échec et mat} 0-1

[Event "Tournament 14471 - Europe Echecs"]
[Site "Europe Echecs"]
[Date "2020.07.09"]
[Round "7"]
[Time "17:17:11"]
[PlyCount "67"]
[White "DumonteilDimit"]
[Black "DelmasRaphael"]
[WhiteElo "1439"]
[BlackElo "1325"]
[Mode "WEB"]
[Result "0-1"]

1. e4 c5 2. Nf3 d6 3. d4 cxd4 4. Nxd4 Nf6 5. Nc3 e6 6. f3 a6 7. Be3 Be7 8. Bc4
O-O 9. Qd2 Qc7 10. Bb3 b5 11. a3 Nc6 12. g4 Nxd4 13. Qxd4 Nd7 14. Bd2 Bh4+ 15.
Ke2 Bf6 16. Qe3 Bb7 17. h4 Nc5 18. g5 Bxc3 19. Bxc3 Nxb3 20. cxb3 d5 21. exd5
exd5 22. Kf2 Rae8 23. Qd4 f5 24. gxf6 Rxf6 25. Rag1 Rf7 26. h5 h6 27. Rg6 Kh7
28. Rhg1 Ree7 29. Qg4 d4 30. Rxh6+ Kg8 31. Bxd4 Rxf3+ 32. Kg2 Re2+ 33. Bf2
Rexf2+ {DumonteilDimit a perdu au temps} 0-1

[Event "Tournament 14471 - Europe Echecs"]
[Site "Europe Echecs"]
[Date "2020.07.09"]
[Round "7"]
[Time "17:17:11"]
[PlyCount "97"]
[White "GalimovAskar"]
[Black "ChevillonCelia"]
[WhiteElo "1278"]
[BlackElo "1433"]
[Mode "WEB"]
[Result "0-1"]

1. e4 e5 2. Nf3 Nc6 3. Bc4 Bc5 4. Nc3 Nf6 5. d3 d6 6. Bg5 h6 7. Bh4 g5 8. Bg3
Bg4 9. h3 Bh5 10. Nd5 Nd4 11. c3 Nxf3+ 12. gxf3 Nxd5 13. Bxd5 c6 14. Bb3 Qf6 15.
Qd2 Bxf3 16. Rf1 Bg2 17. Rg1 Bxh3 18. O-O-O Be6 19. Bc2 O-O-O 20. b4 Bb6 21. a4
a6 22. d4 Bg4 23. Bxe5 dxe5 24. Rxg4 exd4 25. e5 Qxe5 26. Re1 Qf6 27. cxd4 Rxd4
28. Bf5+ Kb8 29. Rxd4 Qxd4 30. Qxd4 Bxd4 31. Re7 f6 32. f3 Bc3 33. Re4 h5 34.
Bd7 Kc7 35. Bh3 b5 36. axb5 axb5 37. Kc2 Be5 38. Kd3 Re8 39. Re1 Rg8 40. Rg1 Bd6
41. Kc3 Kb6 42. Be6 Rg7 43. Bh3 c5 44. bxc5+ Bxc5 45. f4 Bxg1 46. fxg5 fxg5 47.
Bf1 g4 48. Kb4 Bc5+ {GalimovAskar a perdu au temps} 0-1

[Event "Tournament 14471 - Europe Echecs"]
[Site "Europe Echecs"]
[Date "2020.07.09"]
[Round "7"]
[Time "17:17:11"]
[PlyCount "116"]
[White "BeurierNathan"]
[Black "BourdelClement"]
[WhiteElo "1429"]
[BlackElo "1308"]
[Mode "WEB"]
[Result "1/2-1/2"]

1. e4 c6 2. d4 g6 3. Nf3 Bg7 4. Nc3 Nf6 5. Bg5 O-O 6. Qd2 d5 7. e5 Ne4 8. Nxe4
dxe4 9. Ng1 Bf5 10. Bh6 c5 11. c3 Nc6 12. Bb5 cxd4 13. Bxc6 bxc6 14. Bxg7 Kxg7
15. cxd4 c5 16. Ne2 cxd4 17. Qxd4 Qxd4 18. Nxd4 Bd7 19. O-O Rfd8 20. Rfe1 Ba4
21. Rxe4 Bc2 22. Nxc2 Rd2 23. Rc1 Rc8 24. h3 Rcxc2 25. Rxc2 Rxc2 26. Ra4 Rxb2
27. Rxa7 Rb5 28. Rxe7 Ra5 29. e6 Rxa2 30. exf7 Kf8 31. Rb7 Ra6 32. Kh2 Rf6 33.
f3 Rxf7 34. Rxf7+ Kxf7 35. g4 Kf6 36. Kg3 h6 37. h4 g5 38. hxg5+ hxg5 39. f4
gxf4+ 40. Kxf4 Kg6 41. g5 Kg7 42. Kf5 Kf7 43. Kg4 Kg6 44. Kf4 Kg7 45. Kf5 Kf7
46. g6+ Kg7 47. Kg5 Kg8 48. Kh6 Kh8 49. Kh5 Kg7 50. Kg5 Kg8 51. Kf6 Kf8 52. Ke5
Kg7 53. Kf5 Kg8 54. Kg5 Kg7 55. Kh5 Kg8 56. Kh6 Kh8 57. Kh5 Kg7 58. Kg5 {Nulle par répétition} 1/2-1/2

[Event "Tournament 14471 - Europe Echecs"]
[Site "Europe Echecs"]
[Date "2020.07.09"]
[Round "7"]
[Time "17:17:11"]
[PlyCount "149"]
[White "MicheliElora"]
[Black "FraileLucas"]
[WhiteElo "1394"]
[BlackElo "1276"]
[Mode "WEB"]
[Result "0-1"]

1. e4 c6 2. Nc3 d5 3. Nf3 dxe4 4. Nxe4 Nf6 5. Ng3 e6 6. d4 Be7 7. Bd3 O-O 8. O-O
Nbd7 9. Bf4 c5 10. dxc5 Nxc5 11. Bc4 Qxd1 12. Raxd1 Nce4 13. Nxe4 Nxe4 14. Rfe1
Nf6 15. Rd3 a6 16. a4 Bd7 17. Red1 Bc6 18. Ne5 Be4 19. R3d2 Rac8 20. Bb3 b5 21.
axb5 axb5 22. c3 b4 23. cxb4 Bxb4 24. Rd4 Bc5 25. Rc4 Bd5 26. Rc3 Bxf2+ 27. Kxf2
Ne4+ 28. Ke3 Nxc3 29. Rd3 Bxb3 30. bxc3 Rfd8 31. Rxd8+ Rxd8 32. c4 f6 33. Nc6
Re8 34. Na5 Ba2 35. Bd6 Ra8 36. Nc6 Bxc4 37. Nd4 Bd5 38. g3 Kf7 39. Bb4 Ra4 40.
Bd2 Ra3+ 41. Ke2 Bc4+ 42. Kd1 Rd3 43. Nc6 e5 44. Kc2 Rd6 45. Nb4 e4 46. Kc3 Be6
47. Bf4 Rd8 48. Nc2 Rd3+ 49. Kb2 g5 50. Be3 Bb3 51. Bc1 Bxc2 52. Kxc2 h5 53. Bb2
f5 54. Bc1 h4 55. Bxg5 hxg3 56. hxg3 Rxg3 57. Bf4 Rg2+ 58. Kd1 Ke6 59. Ke1 Kd5
60. Kf1 Ra2 61. Be3 Kc4 62. Bf4 Kd3 63. Bg3 Ke3 64. Bh4 Kf3 65. Ke1 f4 66. Bf6
Ke3 67. Kf1 f3 68. Bg5+ Kd3 69. Bf4 e3 70. Bg3 Ra1+ 71. Be1 Rxe1+ 72. Kxe1 f2+
73. Kf1 e2+ 74. Kxf2 Kd2 {MicheliElora a abandonné} 0-1

[Event "Tournament 14471 - Europe Echecs"]
[Site "Europe Echecs"]
[Date "2020.07.09"]
[Round "7"]
[Time "17:17:11"]
[PlyCount "59"]
[White "BenoitClement"]
[Black "LeclercqRobin"]
[WhiteElo "1254"]
[BlackElo "1392"]
[Mode "WEB"]
[Result "0-1"]

1. e4 Nf6 2. d3 d5 3. f4 dxe4 4. Nc3 exd3 5. Qxd3 Nc6 6. Nf3 Bg4 7. Be2 Qxd3 8.
cxd3 e6 9. Ne5 Nxe5 10. fxe5 Bxe2 11. Nxe2 Nd5 12. d4 Bb4+ 13. Bd2 Bxd2+ 14.
Kxd2 O-O 15. Nc3 Nf4 16. g3 Ng6 17. Rac1 Rad8 18. Nb5 Nxe5 19. Ke3 Ng4+ 20. Kf3
Nf6 21. Rhd1 a6 22. Nxc7 Rc8 23. Kf4 Rxc7 24. Rxc7 Nd5+ 25. Ke4 Nxc7 26. d5 Nxd5
27. Rxd5 exd5+ 28. Kxd5 Rd8+ 29. Kc5 Rd2 {BenoitClement a abandonné} 0-1

[Event "Tournament 14471 - Europe Echecs"]
[Site "Europe Echecs"]
[Date "2020.07.09"]
[Round "7"]
[Time "17:17:11"]
[PlyCount "94"]
[White "ToussaintFlore"]
[Black "LhostisLucie"]
[WhiteElo "1391"]
[BlackElo "1265"]
[Mode "WEB"]
[Result "1/2-1/2"]

1. d4 d5 2. Bf4 Nf6 3. e3 c6 4. Nf3 Bf5 5. Bd3 Be4 6. Qe2 e6 7. Nbd2 Bg6 8. Ne5
Bxd3 9. Qxd3 Bd6 10. O-O O-O 11. Ndf3 Nbd7 12. Nxf7 Rxf7 13. Bxd6 Ne4 14. Bf4 c5
15. c3 cxd4 16. exd4 Rxf4 17. Rfe1 Rf8 18. Qb5 Qb6 19. Qxd7 Qxb2 20. Qxe6+ Kh8
21. Qxd5 Qxf2+ 22. Kh1 Nd2 23. Nxd2 Qxd2 24. c4 Rae8 25. Red1 Qf2 26. Qxb7 Rf7
27. Qc6 Ref8 28. h3 Rf6 29. Qa4 Rg6 30. Rg1 Qxd4 31. Raf1 Kg8 32. Rxf8+ Kxf8 33.
Rf1+ Rf6 34. Rxf6+ gxf6 35. Qb4+ Kg7 36. Qe7+ Kg6 37. Qe8+ Kg7 38. Qa4 Qa1+ 39.
Kh2 Qe5+ 40. Kg1 Qe1+ 41. Kh2 Qe5+ 42. g3 Qe2+ 43. Kg1 Qe1+ 44. Kg2 Qe2+ 45. Kg1
Qe1+ 46. Kh2 Qe2+ 47. Kg1 {Nulle par répétition} 1/2-1/2

[Event "Tournament 14471 - Europe Echecs"]
[Site "Europe Echecs"]
[Date "2020.07.09"]
[Round "7"]
[Time "17:17:11"]
[PlyCount "134"]
[White "BuetClovis"]
[Black "LhubertPierre"]
[WhiteElo "1251"]
[BlackElo "1390"]
[Mode "WEB"]
[Result "1-0"]

1. e4 e5 2. Nf3 Nc6 3. Bb5 Nf6 4. Nc3 d6 5. h3 Bd7 6. d3 Be7 7. Be3 O-O 8. O-O
a6 9. Bc4 b5 10. Bb3 Rb8 11. Nh2 Be6 12. f4 Qd7 13. Nf3 a5 14. f5 Bxb3 15. axb3
b4 16. Ne2 d5 17. Ng3 dxe4 18. dxe4 Rfd8 19. Qxd7 Rxd7 20. Rfd1 Rbd8 21. Rxd7
Rxd7 22. Kf2 g6 23. Bg5 Kg7 24. Bxf6+ Bxf6 25. Ke3 Nd4 26. Nxd4 Rxd4 27. Rxa5
Bg5+ 28. Kf3 Bf6 29. Rc5 Rd7 30. c3 bxc3 31. bxc3 Rd3+ 32. Kg4 h5+ 33. Nxh5+
gxh5+ 34. Kxh5 Rd7 35. g4 Rd8 36. g5 Rh8+ 37. Kg4 Bd8 38. f6+ Kg8 39. Rxe5 Kf8
40. Rc5 Rg8 41. e5 Rg6 42. h4 Rg8 43. Rc6 Rh8 44. e6 fxe6 45. Rxe6 Rg8 46. Re4
Bxf6 47. Rf4 Ke7 48. Rxf6 Rd8 49. Kh5 Rd3 50. Rc6 Kd7 51. Rc4 Rd5 52. Rd4 Rxd4
53. cxd4 Ke8 54. Kg4 Kf7 55. Kf5 Kg7 56. Ke6 Kg6 57. Kd7 Kh5 58. Kxc7 Kxh4 59.
g6 Kh5 60. g7 Kh6 61. g8=R Kh5 62. d5 Kh4 63. d6 Kh3 64. d7 Kh2 65. d8=Q Kh3 66.
Qd2 Kh4 67. Qh6# {LhubertPierre est échec et mat} 1-0